| 000 | 00431nam a2200181Ia 4500 | ||
|---|---|---|---|
| 001 | 7485 | ||
| 005 | 20260306160459.0 | ||
| 008 | 260306t2006||||xx |||||||||||||| ||spa|| | ||
| 041 | _aESP | ||
| 082 |
_a339 _bJ53 T. 1 |
||
| 100 |
_aJiménez, Félix, _eAUT |
||
| 245 | 0 |
_aMacroeconomía : _benfoques y modelos |
|
| 260 | _c2006 | ||
| 300 |
_a788 páginas : _c24 cm. |
||
| 650 | _aGEN | ||
| 654 | _aCAN | ||
| 942 |
_cLIB _dJUS _fJUS _2ddc _n |
||
| 999 |
_c7485 _d7485 |
||